Long-term effects of labeling a rape experience

Gespeichert in:  
Bibliographische Detailangaben
VerfasserInnen: McMullin, Darcy (Verfasst von) ; White, Jacquelyn W. (Verfasst von)
Medienart: Elektronisch Aufsatz
Sprache:Englisch
Veröffentlicht: 2006
In: Psychology of women quarterly
Jahr: 2006, Band: 30, Heft: 1, Seiten: 96-105
Online-Zugang: Volltext (kostenfrei)
Verfügbarkeit prüfen: HBZ Gateway

MARC

LEADER 00000caa a22000002c 4500
001 1912613190
003 DE-627
005 20250124055008.0
007 cr uuu---uuuuu
008 241217s2006 xx |||||o 00| ||eng c
024 7 |a 10.1111/j.1471-6402.2006.00266.x  |2 doi 
035 |a (DE-627)1912613190 
035 |a (DE-599)KXP1912613190 
040 |a DE-627  |b ger  |c DE-627  |e rda 
041 |a eng 
084 |a 2,1  |2 ssgn 
100 1 |a McMullin, Darcy  |e VerfasserIn  |4 aut 
245 1 0 |a Long-term effects of labeling a rape experience 
264 1 |c 2006 
336 |a Text  |b txt  |2 rdacontent 
337 |a Computermedien  |b c  |2 rdamedia 
338 |a Online-Ressource  |b cr  |2 rdacarrier 
700 1 |a White, Jacquelyn W.  |e VerfasserIn  |4 aut 
773 0 8 |i Enthalten in  |t Psychology of women quarterly  |d Thousand Oaks, Calif. : Sage Publ., 1976  |g 30(2006), 1, Seite 96-105  |h Online-Ressource  |w (DE-627)329557599  |w (DE-600)2047897-5  |w (DE-576)094752842  |x 1471-6402  |7 nnas 
773 1 8 |g volume:30  |g year:2006  |g number:1  |g pages:96-105 
787 0 8 |i Forschungsdaten  |a White, Jacquelyn W.  |t Longitudinal Study of Violence Against Women: Victimization and Perpetration Among College Students in a State-Supported University in the United States, 1990-1995  |d [Erscheinungsort nicht ermittelbar] : [Verlag nicht ermittelbar], 2002  |w (DE-627)1840045426 
856 |u http://libres.uncg.edu/ir/uncg/f/J_White_Long-Term_2006.pdf  |x unpaywall  |z Vermutlich kostenfreier Zugang  |h repository [deprecated] 
856 4 0 |u https://doi.org/10.1111/j.1471-6402.2006.00266.x  |x Resolving-System  |z kostenfrei  |3 Volltext  |7 0 
935 |a mkri 
951 |a AR 
ELC |a 1 
LOK |0 000 xxxxxcx a22 zn 4500 
LOK |0 001 463757871X 
LOK |0 003 DE-627 
LOK |0 004 1912613190 
LOK |0 005 20241217044655 
LOK |0 008 241217||||||||||||||||ger||||||| 
LOK |0 035   |a (DE-2619)ICPSR119926 
LOK |0 040   |a DE-2619  |c DE-627  |d DE-2619 
LOK |0 092   |o n 
LOK |0 852   |a DE-2619 
LOK |0 852 1  |9 00 
LOK |0 935   |a nacp 
LOK |0 939   |a 17-12-24  |b l01 
OAS |a 1 
ORI |a SA-MARC-krimdoka001.raw